Communes des Alpes-Maritimes (06) de plus de 10000 habitants - Statistiques

Statistiques générales
  • Ce quiz a été pris 119 fois
  • Le résultat moyen est 13 sur 20
Statistiques - réponses
Habitants Commune % Correct
74040 Cannes
100%
353701 (préfecture) Nice
100%
76612 Antibes
96%
30326 Menton
93%
48669 Grasse
91%
52852 Cagnes-sur-Mer
83%
40198 Le Cannet
69%
21201 Mandelieu-la-Napoule
69%
31645 Saint-Laurent-du-Var
67%
19481 Mougins
61%
19856 Vence
59%
28579 Vallauris
57%
16729 Villeneuve-Loubet
54%
12419 Roquebrune-Cap-Martin
43%
12430 Beausoleil
41%
10196 Biot
41%
13729 Carros
39%
12389 Valbonne
37%
10485 La Trinité
33%
10847 Mouans-Sartoux
31%
Aucun quiz correspondant
Distribution des résultats
% des personnes avec chaque résultat
Percentile par nombre de réponses
Votre historique - résultats
Vous n’avez pas pris ce quiz